[Event "Ulan-Ude Bajkal op 9th"]
[Site "Ulan-Ude"]
[Date "2013.07.05"]
[Round "7"]
[White "Agibileg, Uurtsaikh"]
[Black "Shigorov, Vitaly"]
[Result "1-0"]
[WhiteElo "1720"]
[BlackElo "1917"]
[PlyCount "73"]
[EventDate "2013.07.01"]
[EventType "swiss"]
[EventRounds "9"]
[EventCountry "RUS"]
[SourceTitle "EXT 2014"]
[Source "ChessBase"]
[SourceDate "2013.11.20"]
[SourceVersion "1"]
[SourceVersionDate "2013.11.20"]
[SourceQuality "1"]

1. e4 c5 2. Nf3 Nc6 3. d4 cxd4 4. Nxd4 Nf6 5. Nc3 d6 6. Be2 e5 7. Nf3 Be6 8. 0-0 Be7 9. Bg5 0-0 10. Re1 Re8 11. Bb5 a6 12. Ba4 Qc7 13. Bb3 Bf8 14. Bxf6 gxf6 15. Nh4 Bxb3 16. axb3 Nd4 17. Nd5 Qd8 18. c3 f5 19. exf5 Qxh4 20. Re4 Qh6 21. Rg4+ Kh8 22. cxd4 Rac8 23. g3 Be7 24. dxe5 dxe5 25. Nxe7 Rxe7 26. Rh4 Qg5 27. Rh5 Qg7 28. Ra4 e4 29. Qe2 Rce8 30. Qe3 Qxb2 31. Rd4 Rc7 32. Kg2 Rc2 33. f6 Re2 34. Qg5 Rxf2+ 35. Kg1 Qa1+ 36. Kxf2 e3+ 37. Kg2 1-0

[Event "Irkutsk-ch op"]
[Site "Irkutsk"]
[Date "2011.04.21"]
[Round "6"]
[White "Shigorov, Vitaly"]
[Black "Iskhakov, Artem"]
[Result "0-1"]
[WhiteElo "1964"]
[BlackElo "1964"]
[PlyCount "76"]
[EventDate "2011.04.16"]
[EventType "swiss"]
[EventRounds "9"]
[EventCountry "RUS"]
[SourceTitle "EXT 2013"]
[Source "ChessBase"]
[SourceDate "2012.11.22"]
[SourceVersion "1"]
[SourceVersionDate "2012.11.22"]
[SourceQuality "1"]

1. e4 e5 2. Nf3 Nc6 3. Bb5 a6 4. Ba4 Nf6 5. 0-0 Be7 6. d3 b5 7. Bb3 d6 8. c3 Bg4 9. h3 Bh5 10. g4 Bg6 11. Nbd2 0-0 12. Re1 Na5 13. Bc2 c5 14. d4 Nd7 15. d5 c4 16. Nf1 h5 17. Ng3 hxg4 18. hxg4 Nf6 19. Nh2 Nb7 20. b4 cxb3 21. axb3 Qc7 22. Bb2 Rfc8 23. Nf5 Nh7 24. Nxe7+ Qxe7 25. c4 bxc4 26. bxc4 Nc5 27. Ba3 Qh4 28. Bxc5 Rxc5 29. Qd3 Ng5 30. Kg2 Rac8 31. Rxa6 Rxc4 32. Rc6 R8xc6 33. dxc6 Nxe4 34. Qe2 d5 35. Bxe4 Bxe4+ 36. f3 Bd3 37. Qxe5 Rc2+ 38. Kh1 Rxh2+ 0-1

[Event "Irkutsk Veda op"]
[Site "Irkutsk"]
[Date "2010.08.17"]
[Round "3"]
[White "Shigorov, Vitaly"]
[Black "Mufazalov, Egor"]
[Result "1-0"]
[WhiteElo "1952"]
[BlackElo "1742"]
[PlyCount "131"]
[EventDate "2010.08.15"]
[EventType "swiss"]
[EventRounds "9"]
[EventCountry "RUS"]
[SourceTitle "CBM 138 Extra"]
[Source "ChessBase"]
[SourceDate "2010.10.29"]
[SourceVersion "1"]
[SourceVersionDate "2010.10.29"]
[SourceQuality "1"]

1. d4 d5 2. Nf3 c6 3. Bf4 Nf6 4. e3 e6 5. c3 Be7 6. Bd3 0-0 7. Nbd2 Nbd7 8. 0-0 c5 9. Rc1 a6 10. Bb1 b5 11. dxc5 Nxc5 12. Qc2 Ncd7 13. Ne5 g6 14. Nc6 Qe8 15. Nxe7+ Qxe7 16. Bg5 Bb7 17. Rce1 Qd6 18. f3 Rac8 19. e4 dxe4 20. Nxe4 Bxe4 21. fxe4 Ng4 22. Bf4 Qc5+ 23. Kh1 Nge5 24. Qe2 Nb6 25. Be3 Qc6 26. Bd4 Qc7 27. Qf2 Nbd7 28. Qh4 Qd8 29. Qf4 f6 30. Bc2 Nc4 31. Qg4 Qe7 32. Bb3 a5 33. a3 a4 34. Bxc4 bxc4 35. h3 Rb8 36. Rf2 e5 37. Be3 Nc5 38. Bxc5 Qxc5 39. Qe6+ Kg7 40. Ref1 Rb6 41. Qd7+ Rf7 42. Qxa4 Rfb7 43. Qe8 Qe3 44. Qd8 Rf7 45. Qd5 Qd3 46. Qxd3 cxd3 47. Rd1 Rd7 48. g4 g5 49. Kg2 Rbd6 50. Rfd2 Rb7 51. b4 Ra7 52. Ra1 Rc7 53. Rc1 Ra7 54. Rcd1 Rxa3 55. Rxd3 Ra2+ 56. Kf3 Rxd3+ 57. Rxd3 Rh2 58. Kg3 Re2 59. b5 Rxe4 60. b6 Re1 61. c4 Rb1 62. c5 Rb5 63. Rc3 e4 64. c6 e3 65. c7 e2 66. Kf2 1-0

[Event "Irkutsk-ch sf"]
[Site "Irkutsk"]
[Date "2010.02.25"]
[Round "6"]
[White "Terleev, Anatoly"]
[Black "Shigorov, Vitaly"]
[Result "0-1"]
[WhiteElo "1727"]
[BlackElo "1947"]
[PlyCount "78"]
[EventDate "2010.02.20"]
[EventType "swiss"]
[EventRounds "7"]
[EventCountry "RUS"]
[SourceTitle "EXT 2022"]
[Source "ChessBase"]
[SourceDate "2021.10.06"]
[SourceVersion "1"]
[SourceVersionDate "2021.10.06"]
[SourceQuality "1"]

1. c4 Nf6 2. d4 g6 3. Nc3 Bg7 4. g3 0-0 5. Bg2 d6 6. Nf3 c5 7. d5 Na6 8. 0-0 Nc7 9. a4 Rb8 10. Re1 a6 11. a5 b5 12. axb6 Rxb6 13. e4 Ng4 14. Qc2 Bd7 15. h3 Ne5 16. Nxe5 Bxe5 17. Bh6 Qb8 18. Rab1 Rb3 19. Bxf8 Kxf8 20. f4 Bd4+ 21. Kh2 Qb4 22. Na2 Qa4 23. Nc1 Rb4 24. Qxa4 Bxa4 25. b3 Na8 26. e5 Nb6 27. Ne2 Bxb3 28. Nxd4 cxd4 29. Red1 a5 30. Rxd4 a4 31. Bf1 a3 32. Rdd1 Bxd1 33. Rxb4 a2 34. Rxb6 a1Q 35. exd6 exd6 36. Rxd6 Qb2+ 37. Kg1 Qd4+ 38. Kg2 Qd2+ 39. Kg1 Qe3+ 0-1

[Event "Irkutsk-ch sf"]
[Site "Irkutsk"]
[Date "2010.02.21"]
[Round "2"]
[White "Shigorov, Vitaly"]
[Black "Tunik, Sergey"]
[Result "1-0"]
[WhiteElo "1947"]
[BlackElo "1918"]
[PlyCount "69"]
[EventDate "2010.02.20"]
[EventType "swiss"]
[EventRounds "7"]
[EventCountry "RUS"]
[SourceTitle "EXT 2022"]
[Source "ChessBase"]
[SourceDate "2021.10.06"]
[SourceVersion "1"]
[SourceVersionDate "2021.10.06"]
[SourceQuality "1"]

1. e4 e6 2. d3 d5 3. Nd2 Nf6 4. Ngf3 Be7 5. g3 b6 6. Bg2 Bb7 7. 0-0 0-0 8. e5 Nfd7 9. Re1 c5 10. Nf1 Nc6 11. h4 Qc7 12. Bf4 Nd4 13. c3 Nxf3+ 14. Qxf3 b5 15. d4 b4 16. Ne3 Qb6 17. Nc4 Qb5 18. Nd6 Bxd6 19. exd6 Rad8 20. cxb4 cxd4 21. Rac1 Qxb4 22. a3 Qb6 23. Rc7 Bc6 24. Rc1 Nb8 25. Qg4 Bd7 26. Bh6 g6 27. Qf4 f6 28. Bxf8 Rxf8 29. Qd2 Qxd6 30. Rxa7 Nc6 31. Ra6 Rb8 32. b4 Rb5 33. Bf1 Rb7 34. Kg2 Ra7 35. Rcxc6 1-0

[Event "Dimitrovgrad-ch"]
[Site "Dimitrovgrad"]
[Date "2009.??.??"]
[Round "3"]
[White "Tunik, Sergey"]
[Black "Shigorov, Vitaly"]
[Result "1-0"]
[WhiteElo "1895"]
[BlackElo "1925"]
[PlyCount "81"]
[EventDate "2009.08.??"]
[EventType "swiss"]
[EventRounds "9"]
[EventCountry "RUS"]
[SourceTitle "EXT 2012"]
[Source "ChessBase"]
[SourceDate "2011.11.24"]
[SourceVersion "1"]
[SourceVersionDate "2011.11.24"]
[SourceQuality "1"]

1. d4 Nf6 2. Nf3 g6 3. c4 Bg7 4. Nc3 d6 5. e4 0-0 6. Be2 c5 7. 0-0 Na6 8. d5 Nc7 9. Re1 a6 10. Rb1 b5 11. cxb5 axb5 12. b4 Rb8 13. bxc5 dxc5 14. h3 Ba6 15. Bf4 c4 16. Nd4 Rb6 17. Bf3 e5 18. Bxe5 Re8 19. Bxc7 Qxc7 20. Ndxb5 Bxb5 21. Rxb5 Ng4 22. Rxb6 Nxf2 23. Rc6 Qa7 24. Nb5 Nxh3+ 25. Kh2 Be5+ 26. g3 Qf2+ 27. Kh1 Bxg3 28. Qe2 Qxe1+ 29. Qxe1 Bxe1 30. Rxc4 f5 31. Nd6 Rb8 32. exf5 Bg3 33. Rc8+ Rxc8 34. Nxc8 gxf5 35. Kg2 Bf2 36. Kxh3 Bc5 37. d6 Kf7 38. d7 Be7 39. Nxe7 Kxe7 40. Bc6 h5 41. a4 1-0

[Event "Irkutsk-ch final op"]
[Site "Irkutsk"]
[Date "2008.10.16"]
[Round "9"]
[White "Ginzburg, Alexander"]
[Black "Shigorov, Vitaly"]
[Result "1-0"]
[WhiteElo "2000"]
[BlackElo "1893"]
[PlyCount "111"]
[EventDate "2008.09.30"]
[EventType "swiss"]
[EventRounds "9"]
[EventCountry "RUS"]
[SourceTitle "EXT 2022"]
[Source "ChessBase"]
[SourceDate "2021.10.06"]
[SourceVersion "1"]
[SourceVersionDate "2021.10.06"]
[SourceQuality "1"]

1. d4 Nf6 2. Nf3 g6 3. g3 Bg7 4. Bg2 0-0 5. 0-0 d6 6. c4 c5 7. d5 Na6 8. Nc3 Nc7 9. Bf4 Rb8 10. a4 b6 11. e4 Bg4 12. h3 Bxf3 13. Bxf3 Nd7 14. Bg2 a6 15. Qe2 b5 16. axb5 axb5 17. cxb5 Bxc3 18. bxc3 Rxb5 19. Ra7 Rb6 20. Qg4 Ne5 21. Qh4 f6 22. Bh6 Re8 23. f4 Nf7 24. e5 Nb5 25. Raa1 Nxc3 26. Rae1 Rb2 27. Bf3 f5 28. e6 Nxh6 29. Qxh6 c4 30. h4 Kh8 31. Kh1 Qb6 32. h5 Rg8 33. hxg6 Rg7 34. g4 Kg8 35. gxf5 Qd4 36. Rg1 hxg6 37. Rxg6 Rxg6 38. Qxg6+ Qg7 39. Qh5 Qh7 40. Rg1+ Kh8 41. f6 Qxh5+ 42. Bxh5 Nxd5 43. f7 Rb8 44. f5 Nf6 45. Bd1 d5 46. Rg6 Nh7 47. f6 Nxf6 48. Rxf6 Kg7 49. Rf1 d4 50. Rg1+ Kh8 51. Rg4 Rd8 52. Rxd4 Rxd4 53. f8Q+ Kh7 54. Qxe7+ Kg8 55. Qf7+ Kh8 56. Qf6+ 1-0

[Event "Irkutsk-ch Rating sf"]
[Site "Irkutsk"]
[Date "2008.05.06"]
[Round "7"]
[White "Kiselyov, Sergei"]
[Black "Shigorov, Vitaly"]
[Result "0-1"]
[WhiteElo "2101"]
[BlackElo "1893"]
[PlyCount "89"]
[EventDate "2008.05.06"]
[EventType "tourn"]
[EventRounds "15"]
[EventCountry "RUS"]
[SourceTitle "EXT 2022"]
[Source "ChessBase"]
[SourceDate "2021.10.06"]
[SourceVersion "1"]
[SourceVersionDate "2021.10.06"]
[SourceQuality "1"]

1. e4 e5 2. Nf3 Nc6 3. Bc4 Nf6 4. d4 d5 5. exd5 Nxd4 6. Nxe5 Bd6 7. Qxd4 Qe7 8. f4 Ng4 9. Be2 0-0 10. Bxg4 f6 11. Bf3 fxe5 12. fxe5 Bxe5 13. Qe3 Qf6 14. c3 Re8 15. 0-0 Bxh2+ 16. Kxh2 Rxe3 17. Bxe3 Qe5+ 18. g3 Qxe3 19. Na3 Qd2+ 20. Bg2 Bg4 21. Nc4 Qh6+ 22. Kg1 Re8 23. Rf4 Qh5 24. d6 Qc5+ 25. Rd4 cxd6 26. b4 Qg5 27. Bd5+ Be6 28. Bg2 Bxc4 29. Rxc4 Qxg3 30. Rf1 h6 31. Rcf4 Re2 32. Rf8+ Kh7 33. R1f2 Rxf2 34. Rxf2 h5 35. Rf3 Qe1+ 36. Kh2 Qe5+ 37. Kg1 Kh6 38. Kf2 g5 39. Re3 Qf4+ 40. Ke2 g4 41. Re4 Qf6 42. Re3 h4 43. Bd5 Kg5 44. Re6 Qxc3 45. Rxd6 0-1